| 000 | 00599nam a2200241 a 4500 | ||
|---|---|---|---|
| 001 | nice12345678 | ||
| 003 | IN_TiNIC | ||
| 005 | 20260116012110.0 | ||
| 008 | 050524s1953 hyda grp 000 0 per | ||
| 020 |
_a _c100 |
||
| 082 | 0 | 0 |
_a954.8 _bHUS |
| 100 | _aHussain, Yusuf | ||
| 245 | _aSelected Waqai of the Deccan 1660-1671 A. D. | ||
| 260 |
_aHyderabad _bCentral Record Office _c1953 |
||
| 300 | _a156p, 169p | ||
| 500 | _aincludes index and biblioraphy | ||
| 505 | 2 | _aIndex | |
| 650 | _aDeccan-History | ||
| 700 | 1 | _aHussain, Yusuf | |
| 902 | _bSRS | ||
| 942 | _cBK | ||
| 999 |
_c5635 _d5635 |
||